Riconosci il Pokémon - Quiz n°441 - Statistics

Statistiche generali
  • Questo quiz è stato fatto 1 volte
  • Il punteggio medio è 1 su 10
Statistiche sulle risposte
Indizio Risposta % Corretto
Generazione Nona
100%
Altezza 0,4 m
0%
Peso 4,9 kg
0%
Tasso di cattura 6 (2.6%)
0%
Tipo Buio / Fuoco
0%
Pokémon Chi-Yu
0%
Tasso di allevamento Lento
0%
Abilità Monile Funesto
0%
Stadio evoluzione Non si evolve
0%
Sesso Sconosciuto
0%
Nessun quiz corrispondente trovato
Distribuzione punteggi
Percentuale di utenti per punteggio
Percentile per numero di risposta
I tuoi punteggi nel tempo
Non hai fatto questo quiz